000 00737 a2200265 4500
502 _aThèse de Doctorat
260 _aWageningen
653 1 _aAgronomie
100 _aBOELS, Ingeborg
041 _bEn
260 _bUniversité de Wageningen
300 _a144 p.
245 _aMetabolic engineering of exopolysaccharide production in lactococcus lactis
650 _aMETABOLISM
650 _aGENETIC
300 _bIll., Couv. ill. ; 24 cm
260 _c11 Octobre 2002
130 _lEn
040 _aSupport
041 _bEn
653 1 _aNutrition et Sciences Alimentaires
100 _uAbomey-Calavi, Université d'Abomey-Calavi, Faculté des Sciences Agronomiques, Bj
020 _a90-5808-693-3
999 _c32247
_d32247